Statistiche per Calciatori e Anno di nascita - Quiz n°13

Clicka qui per fare il quiz!

Statistiche generali

  • Questo quiz è stato fatto 9 volte
  • Il punteggio medio è 3 su 10

Statistiche sulle risposte

HintRisposta% Corretto
James Milner1986
44%
Keita Baldé Diao1995
44%
Alex Sandro1991
33%
Gerard Deulofeu1994
33%
Elmas1999
33%
Juan Musso1994
22%
Ballo Toure1997
22%
Rafael Tolói1990
11%
Emiliano Martinez1992
11%
Kyle Walker1990
0%

Distribuzione punteggi

Percentile per numero di risposta

Percentuale di utenti per punteggio

I tuoi punteggi nel tempo

Non hai fatto questo quiz